000 00270nam a2200133 i 4500
001 bg
245 0 _aEruptivnye zvezdy.
260 _aMoskva,
_c1970.
040 _cBPK
041 _apol
080 _a524.3
942 _cKS
008 s pl f |000 0 pol
999 _c14009
_d14009
856 _uhttp://koha.tu.koszalin.pl/cgi-bin/koha/opac-detail.pl?biblionumber=14009
_yKatalog online BPK